| 000 | 01985nam a2200481Ii 4500 | ||
|---|---|---|---|
| 001 | DIGSCR0056 | ||
| 003 | NyNyDIG | ||
| 006 | m o d | ||
| 007 | cr ||||||||||| | ||
| 008 | 100625s1989 mdu ob 001 0 eng d | ||
| 020 | _z0916379647 | ||
| 020 | _z9780916379643 | ||
| 035 | _a(OCoLC)645277247 | ||
| 040 |
_aDGITA _beng _epn _cDGITA |
||
| 043 | _ae-fr--- | ||
| 050 | 1 | 4 | _aPQ2021.Z5 eBook |
| 100 | 1 |
_aGilroy, James P., _d1947- |
|
| 245 | 1 | 0 |
_aPrévost's mentors : _bthe master-pupil relationship in the major novels of the Abbé Prévost / _cJames P. Gilroy |
| 264 | 1 |
_aPotomac, Md., U.S.A. : _bScripta Humanistica, _c1989. |
|
| 300 | _a1 online resource (113 pages) | ||
| 336 |
_atext _btxt _2rdacontent |
||
| 337 |
_acomputer _bc _2rdamedia |
||
| 338 |
_aonline resource _bcr _2rdacarrier |
||
| 490 | 1 |
_aScripta humanistica ; _v58. |
|
| 504 | _aIncludes bibliographical references (p. 104-108) and index. | ||
| 505 | 0 | _aIntroduction -- Renoncour and Rosemont -- Tiberge and Des Grieux -- Cleveland's Mentors -- The Doyen's Career as Mentor -- Mentor in Love and a Liberated Heroine - Conclusion. | |
| 600 | 1 | 0 |
_aPrévost, _cabbé, _d1697-1763 _xKnowledge _xEducation. |
| 600 | 1 | 0 |
_aPrévost, _cabbé, _d1697-1763 _xEt l'éducation. |
| 600 | 1 | 0 |
_aFénelon, François de Salignac de La Mothe-, _d1651-1715. _xInfluence _xPrévost |
| 650 | 0 | _aTeacher-student relationships in literature. | |
| 650 | 0 |
_aDidactic fiction, French _xHistory and criticism. |
|
| 650 | 0 | _aTutors and tutoring in literature. | |
| 650 | 0 | _aTeachers in literature. | |
| 650 | 0 | _aStudents in literature. | |
| 650 | 0 | _aEducation in literature | |
| 655 | 0 | _aElectronic books. | |
| 791 | 2 |
_aDigitalia (Firm), _edistributor. |
|
| 830 | 0 |
_aScripta Humanistica (Series) ; _v58. |
|
| 793 | 0 |
_gDigitalia eBook Collection: _aScripta Humanistica. |
|
| 856 | 4 | 0 |
_3Digitalia Hispánica _uhttps://www.digitaliapublishing.com/a/264/ |
| 910 | _aPremium Collection: 2007-2012 | ||
| 942 | _cRAA | ||
| 999 |
_c229355 _d229355 |
||